000
00259nam a2200109Ia 4500
008
220204s9999 xx 000 0 und d
082
_a
82-3
_b
POR
100
_a
Stegner, Page
245
4
_a
The Portable Nabokov
260
_a
England
_b
Penguin
_c
1978
942
_c
BK
999
_c
33068
_d
33068